Implementación del proceso de precalentamiento de aire de alimentación en una caldera pirotubular mediante el uso de un intercambiador de calor que trabaja con los gases de combustión para su incremento en el aprovechamiento energético

Sábháilte in:
Sonraí bibleagrafaíochta
Príomhchruthaitheoir: Alpízar González, José Rodolfo, 1994-
Rannpháirtithe: Miranda Morales, Bárbara Cristina, 1983- Directora del TFG
Formáid: LEABHAR
Foilsithe / Cruthaithe: [San José,Costa Rica] [202?]
Ábhair:
Clibeanna: Cuir clib leis
Níl clibeanna ann, Bí ar an gcéad duine le clib a chur leis an taifead seo!

MARC

LEADER 00000nam a2200000Ia 4500
003 013580
005 20230413142710.0
008 140114s cr a 000 ||spa d
040 |c cru CEDI 
100 |a Alpízar González, José Rodolfo, 1994-  |9 414 
245 |a Implementación del proceso de precalentamiento de aire de alimentación en una caldera pirotubular mediante el uso de un intercambiador de calor que trabaja con los gases de combustión para su incremento en el aprovechamiento energético 
260 |a [San José,Costa Rica]   |c [202?] 
500 |a Proyecto de graduación (licenciatura en ingeniería química)--Universidad de Costa Rica. Facultad de Ingeniería. Escuela de Ingeniería Química 
501 |a Directora de Proyecto de Graduación: Dra. Ing. Bárbara Miranda Morales 
650 |v CALDERAS  |x INTERCAMBIADORES DE CALOR  |x COMBUSTION  |x RECUPERACION DE CALOR   |x CALDERAS DE VAPOR  
700 |9 10  |a Miranda Morales, Bárbara Cristina, 1983-  |d Directora del TFG 
942 |c CEDI  |h TFG 8731  |6 TFG_8731_000000000000000 
999 |c 22083  |d 22083